|
|
|
|
| LEADER |
01600nam a22004575i 4500 |
| 001 |
978-90-6704-734-0 |
| 003 |
DE-He213 |
| 005 |
20151204163833.0 |
| 007 |
cr nn 008mamaa |
| 008 |
110518s2011 ne | s |||| 0|eng d |
| 020 |
|
|
|a 9789067047340
|9 978-90-6704-734-0
|
| 024 |
7 |
|
|a 10.1007/978-90-6704-734-0
|2 doi
|
| 040 |
|
|
|d GrThAP
|
| 050 |
|
4 |
|a KJ-KKZ4999
|
| 072 |
|
7 |
|a LB
|2 bicssc
|
| 072 |
|
7 |
|a LAW051000
|2 bisacsh
|
| 082 |
0 |
4 |
|a 341.2422
|2 23
|
| 245 |
1 |
0 |
|a Developments in Services of General Interest
|h [electronic resource] /
|c edited by Erika Szyszczak, Jim Davies, Mads Andenæs, Tarjei Bekkedal.
|
| 264 |
|
1 |
|a The Hague, The Netherlands :
|b T. M. C. Asser Press,
|c 2011.
|
| 300 |
|
|
|a XVIII, 266 p.
|b online resource.
|
| 336 |
|
|
|a text
|b txt
|2 rdacontent
|
| 337 |
|
|
|a computer
|b c
|2 rdamedia
|
| 338 |
|
|
|a online resource
|b cr
|2 rdacarrier
|
| 347 |
|
|
|a text file
|b PDF
|2 rda
|
| 490 |
1 |
|
|a Legal Issues of Services of General Interest
|
| 520 |
|
|
|a No back cover text.
|
| 650 |
|
0 |
|a Law.
|
| 650 |
|
0 |
|a International law.
|
| 650 |
1 |
4 |
|a Law.
|
| 650 |
2 |
4 |
|a European Law.
|
| 700 |
1 |
|
|a Szyszczak, Erika.
|e editor.
|
| 700 |
1 |
|
|a Davies, Jim.
|e editor.
|
| 700 |
1 |
|
|a Andenæs, Mads.
|e editor.
|
| 700 |
1 |
|
|a Bekkedal, Tarjei.
|e editor.
|
| 710 |
2 |
|
|a SpringerLink (Online service)
|
| 773 |
0 |
|
|t Springer eBooks
|
| 776 |
0 |
8 |
|i Printed edition:
|z 9789067047333
|
| 830 |
|
0 |
|a Legal Issues of Services of General Interest
|
| 856 |
4 |
0 |
|u http://dx.doi.org/10.1007/978-90-6704-734-0
|z Full Text via HEAL-Link
|
| 912 |
|
|
|a ZDB-2-SHU
|
| 950 |
|
|
|a Humanities, Social Sciences and Law (Springer-11648)
|